000 00468nam a2200181Ia 4500
005 20250923150215.0
008 008 250917s9999 xx 000 0 eng d
037 _aTextual
040 _aDSWL
_beng
_cDSWL
041 _aeng
_2eng
084 _qDSWL
100 _aWhite, V
_9843390
245 4 _aThe State of Feminist Social Work
_cby V White
260 _aLondon
_bRoutledge
_c2006
300 _a173 p.
942 _cTEXL
999 _c1460796
_d1460796